000 00734cam a22002293a 4500
001 15011
003 PGUSA
005 20140828083325.0
008 050210s2005||||xxu|||||s|||||000 | eng d
040 _aPGUSA
_beng
042 _adc
050 4 _aBT
100 1 _aSweeney, Z. T.
_q(Zachary Taylor),
_d1849-1926
245 1 4 _aThe Spirit and the Word :
_bA Treatise on the Holy Spirit in the Light of a Rational Interpretation of the Word of Truth
_h[electronic resource] /
_cZ. T. Sweeney
260 _bProject Gutenberg,
_c2005
506 _aPublic domain in the USA.
516 _aElectronic text
653 _aHoly Spirit
830 0 _aProject Gutenberg
_v15011
856 4 0 _uhttp://www.gutenberg.org/ebooks/15011
942 _cEB
999 _c244266
_d244266